Music Quiz - Città nelle canzoni - Statistics

Statistiche generali
  • Questo quiz è stato fatto 194 volte
  • Il punteggio medio è 9 su 22
Statistiche sulle risposte
Testo Città % Corretto
.............................È una scommessa d'amore Tu chiamami e ti vestirò Come una stella di Broadway New York
88%
Faccio a schiaffi, faccio a schiaffi Con le onde, con il vento Le prendo Come se fossero te, come se fossero te, come se fossero te Sotto il cielo, sotto il cielo Di ................. Mangio un mezzo panino Berlino
84%
Dove sei?
L'estate comincia adesso
Ma tu vuoi correre
C'è l'apocalisse in centro
Segui le luci della città
Pace agli uffici e alle università
Beviamoci su che qualcosa qui non funziona
Siamo come i tori a ........
Pamplona
80%
Dimmi, cosa resterà se mando tutto in fumo adesso? Questa notte è l'ultima per noi Qui sotto un cielo immenso Sarebbe facile amare, se conoscessi la cura Abbracciami ......., prima di addormentarci stasera Roma
80%
È bello essere il primo, bello andare lontano Stamattina col sole era bella anche ...... E tu che abbassi gli occhi quando dico che sei sempre più bella Milano
79%
E senza sapere quando
Andata senza ritorno
Ti seguirei fino in capo al mondo
All'ultimo secondo
Volerei da te da Milano fino ad Hong Kong
Passando per ........, da Roma fino a Bangkok
Cercando te
Londra
78%
Strette, ferme le lancette
Siamo sulle giostre
Salgo io poi sali pure tu
Nel mentre, guardiamo dall'alto
Mezzo continente
Se vuoi ti compro tutta ........
Malibu
76%
Ti chiedo scusa se non è lo stesso Di tanti anni fa Leggo il giornale e c'è papa Francesco E il ........ in serie A Frosinone
57%
Sulla portiera c'era scritto "Dentista Croazia" Era una figuraccia, ma costava poco In settimana portava gli anziani a ....... Per dei denti perfetti ed un sorriso low cost Zagabria
44%
Tutti parlano di fare la vacanza colta Ma poi alla fine vanno dove c'è gnocca Sai la gente quando il sole la scotta Come Peter Pan vuole fotterti l'ombra Quando penso agli anni passati (che flash) Noi così proletari (white trash) Altro che Bali, Bali (Ganesh), sognavamo ......... Bari
41%
Mia madre non lo deve sapere Non lo deve sapere, non lo deve sapere Mia madre non lo deve sapere Non lo deve sapere che Voglio andare ad ................ In compagnia di uno straniero Alghero
38%
Sono uscito stasera ma non ho letto l'oroscopo Non è .. . ..... ma c'è un clima fantastico Io ti giuro stasera che ti cerco nel traffico Sotto le unghie, nei bar, fino al mare del Baltico Rio de Janeiro
33%
Dimmi perché Io, quando piove forte, non mi calmo Sai, mi ricorda ....... quell'anno Che abbiamo fatto gli angeli del fango, lì nel fango Genova
31%
Ehi, siamo due gocce d'acqua in un mare di guai Ehi, due gemelli che non si incontrano mai, mai Una scommessa persa da giocare alla Snai Il bastoncino che fa casca' tutta ........ Shangai
24%
Nonno, mi hai lasciato dentro un mondo a pile
Una generazione che non so sentire
Ma in fondo siamo storie con mille dettagli
Fragili e bellissimi tra i nostri sbagli
Mi mancano i tuoi fischi mentre stai a pisciare
Mi manca la ....... che sai raccontare
Livorno
19%
C'è una regola per cui L'infinito sembra un otto sdraiato per terra, per terra Come me Quando guardo le stelle è così normale pensare che Questa vita è bellissima Anche se a volte ci tira giù Qualcosa ci tira giù E che ......... è una regola Che hai provato a spiegarmi tu Bologna
16%
Mare accarezzami Luna ubriacami Rio Santiago, Lima, Holguin Buenos Aires, ............. Rio, Bahia, Santiago, Holguin Buenos Aires Napoli
16%
Guardo una foto di mia madre era felice avrà avuto vent'anni capelli raccolti in un foulard di seta ed una espressione svanita. Nitido scorcio degli anni sessanta di una raggiante ...... Catania
8%
Siamo chi siamo Siamo arrivati qui come eravamo Abbiamo parcheggiato fuori mano Tu non chiamare più che ti richiamo Conosco una ragazza di ........ Che non ha mai tirato giù lo sguardo Non sa che cosa sia la pace Non dorme senza un po' di luce Ancora un altro segno della croce Salerno
8%
Se il treno passerà una volta sola, sarò di parola
Dopo scuola lascerò il mio nome sopra con il viola
E tu che aspetti in coda e guardi la firma se cola
Mi hai visto nascere e morire per rifarlo ancora
..... City, motorino sempre in due
Poi la vita è diventata più veloce: ognuno per le sue
È una gara senza freni, non ci sono premi
Dove cazzo vai se non sai da dove vieni?
Olbia
5%
Oh balalajka, oh balalajka Non c'è più neve e brilla tutta la Bascarija Ancora suona la balalajka Il mio futuro voglio regalare a te A te che sei la vita che volevo Perchè la vita è il sogno che farai Sale la luna a ......... Che ci sta aspettando ancora Sarajevo
3%
Al quartiere sembra di sta' a .....C'è il sole come fossimo a Miami Beach I miei ragazzi fumano la nuova weed Incollati ai gradini come col Vinavil Rimini
2%
Nessun quiz corrispondente trovato
Distribuzione punteggi
Percentuale di utenti per punteggio
Percentile per numero di risposta
I tuoi punteggi nel tempo
Non hai fatto questo quiz